[Event "SLO-chT sf"]
[Site "Skofja Loka"]
[Date "1997.??.??"]
[Round "?"]
[White "Podlesnik, Bogdan"]
[Black "Furlan, Miha"]
[Result "1-0"]
[WhiteElo "2425"]
[BlackElo "2330"]

1.e4 e6 2.d4 d5 3.Nd2 Nc6 4.Ngf3 Nf6 5.e5 Nd7 6.c3 f6 7.Bb5 fxe5 8.dxe5 a6
9.Bxc6 bxc6 10.O-O Nb6 11.Nb3 Nc4 12.Qd4 Qe7 13.Bg5 Qf7 14.Rab1 h6 15.Qh4 c5
16.Nbd2 Nxd2 17.Bxd2 Bd7 18.b4 Bb5 19.Rfe1 Bd3 20.Rbc1 Be7 21.Bg5 Bxg5 22.Nxg5 Qg6
23.Re3 Bc4 24.Rg3 cxb4 25.Nf3 Qf7 26.cxb4 a5 27.bxa5 Rxa5 28.Nd2 O-O 29.Rf3 Qe8
30.Nxc4 dxc4 31.Rxf8+ Qxf8 32.Qxc4 Rxe5 33.f4 Rd5 34.Qxc7 Qa3 35.Qc8+ Kh7
36.Qc2+ Kg8 37.Qc8+ Kh7 38.Qc2+ Kg8 39.Re1 Kf7 40.Qc7+ Kf6 41.Qc4 Qa7+ 42.Kh1 Qd7
43.h3 Kf7 44.Qe4 Qd6 45.Rf1 Qa6 46.Rf2 Qb6 47.Re2 Qd6 48.Qf3 Rd1+ 49.Kh2 Qd4
50.Re4 Qd5 51.a4 Rd2 52.Kg3 Ra2 53.f5 e5 54.Qg4 Qd6 55.Kh4 Qf6+ 56.Kh5 Ke7
57.Rb4 Rf2 58.Rb7+ Ke8 59.Qg6+ Qxg6+ 60.fxg6 Rf5+ 61.Kh4  1-0

[Event "White Nights op"]
[Site "St Petersburg"]
[Date "1997.??.??"]
[Round "?"]
[White "Kudinov, Igor"]
[Black "Monin, Nikolay"]
[Result "0-1"]
[WhiteElo "2275"]
[BlackElo "2350"]

1.e4 e6 2.d4 d5 3.Nd2 Nc6 4.Ngf3 Nf6 5.e5 Nd7 6.Bb5 a6 7.Bxc6 bxc6 8.c4 c5
9.cxd5 exd5 10.O-O Be7 11.Nb3 O-O 12.Be3 c4 13.Na5 Nb8 14.Qd2 Bg4 15.b3 Bxf3
16.gxf3 cxb3 17.Nxb3 Qd7 18.Rac1 a5 19.Kh1 Qf5 20.Qe2 c6 21.Rg1 Re8 22.Rg3 f6
23.f4 Ra6 24.Bd2 a4 25.exf6 Qxf6 26.Nc5 Ra7 27.Ne6 Bd6 28.Re1 g6 29.Qg4 Rae7
30.Rge3 Nd7 31.Ng5 Qf5 32.Qh4 Nf6 33.Nxh7 Rxh7 34.Rxe8+ Kf7  0-1

[Event "Sutton op"]
[Site "Sutton"]
[Date "1997.??.??"]
[Round "?"]
[White "Adams, Michael"]
[Black "Brooks, Phil J"]
[Result "1-0"]
[WhiteElo "2665"]
[BlackElo "2255"]

1.e4 e6 2.d4 d5 3.Nd2 Nc6 4.Ngf3 Nf6 5.e5 Nd7 6.Nb3 a5 7.a4 Be7 8.Bb5 Ncb8
9.h4 h6 10.h5 b6 11.Rh3 Ba6 12.Rg3 Bf8 13.Kf1 c6 14.Bxa6 Nxa6 15.Kg1 c5 16.c4 Nb4
17.cxd5 Nxd5 18.Qe2 Rc8 19.dxc5 Nxc5 20.Nxc5 Rxc5 21.Nd4 Qh4 22.Nb5 Rc6 23.b3 Bc5
24.Rxg7 Kf8 25.g3 Qh3 26.Rg4 f5 27.exf6 Nxf6 28.Rg6 Qf5 29.g4  1-0

[Event "SVK-chT 9798"]
[Site "SVK"]
[Date "1997.??.??"]
[Round "1"]
[White "Svoboda, Svatopluk"]
[Black "Dusa, Dusan"]
[Result "0-1"]
[WhiteElo "2125"]
[BlackElo "2195"]

1.e4 e6 2.d4 d5 3.Nd2 a6 4.c3 c5 5.Ngf3 Nc6 6.exd5 exd5 7.dxc5 Bxc5 8.Nb3 Ba7
9.h3 Nf6 10.Be2 O-O 11.O-O Re8 12.Re1 Ne4 13.Nbd4 Na5 14.Qc2 b5 15.b4 Nb7
16.Bd3 Nbd6 17.a4 Bb7 18.axb5 axb5 19.Be3 Qd7 20.Ra5 Rec8 21.Ra3 Bb6 22.Rxa8 Rxa8
23.Nd2 Rc8 24.Nb1 Nc4 25.Qb3 Bd8 26.f3 Ned6 27.Nd2 Bf6 28.Bf2 Nxd2  0-1

[Event "SVK-chT 9798"]
[Site "SVK"]
[Date "1997.??.??"]
[Round "4"]
[White "Banas, Kamil"]
[Black "Huba, Martin"]
[Result "0-1"]
[WhiteElo "2020"]
[BlackElo "2170"]

1.e4 e6 2.d4 d5 3.Nd2 a6 4.c3 c5 5.Ngf3 Nc6 6.exd5 exd5 7.Be2 Nf6 8.O-O cxd4
9.Nxd4 Nxd4 10.cxd4 Bd6 11.Nf3 Qb6 12.h3 O-O 13.Bd3 Re8 14.Qc2 Bd7 15.Bd2 Rac8
16.Bc3 Ne4 17.Rab1 Qc7 18.Bxe4 dxe4 19.Nd2 Bb5 20.Nxe4 Bxf1 21.Rxf1 Qe7 22.Re1 Bb8
23.Qa4 Kh8 24.g3 Qd8 25.Qb3 f5 26.Nc5 Rxe1+ 27.Bxe1 Qxd4 28.Ne6 Qc4 29.Qb6 Re8  0-1

[Event "SWZ-chT9697"]
[Site "SWZ"]
[Date "1997.??.??"]
[Round "?"]
[White "Gast, Jonathan"]
[Black "Leuba, Didier"]
[Result "1-0"]
[WhiteElo "2270"]
[BlackElo "2290"]

1.e4 e6 2.d4 d5 3.Nd2 Be7 4.Bd3 Nc6 5.c3 dxe4 6.Nxe4 e5 7.Ne2 exd4 8.Nxd4 Nxd4
9.cxd4 Nf6 10.O-O O-O 11.Qc2 h6 12.Be3 c6 13.Rad1 Nd5 14.a3 Bg4 15.Rc1 Re8
16.Bd2 Qb6 17.Nc5 Bf6 18.h3 Be2 19.Bxe2 Rxe2 20.Qd3 Re7 21.Rc2 Rd8 22.b4 Nc7
23.Be3 Nb5 24.Rc4 Nd6 25.Rcc1 Qb5 26.Qb3 Nf5 27.a4 Qb6 28.a5 Qc7 29.a6 b6
30.Nb7 Rd5 31.Qc4 Nxe3 32.fxe3 Bg5 33.Qxc6 Bxe3+ 34.Kh1 Qxc6 35.Rxc6 Rxd4
36.Rc8+ Kh7 37.b5 Rb4 38.Nd6 Bc5 39.Nxf7 Rxb5 40.h4 g6 41.g4 Ra5 42.g5 hxg5
43.Nxg5+ Kg7 44.Rc6 Rxa6 45.Rff6 Ra1+ 46.Kg2 Kh6 47.Rxg6+ Kh5 48.Nf3 Ra2+
49.Kh3 Be3 50.Rg8 Bh6 51.Rh8  1-0

[Event "EU-ch U16"]
[Site "Tallinn"]
[Date "1997.??.??"]
[Round "9"]
[White "Kapnisis, Spyridon"]
[Black "Kamadadze, Zviad"]
[Result "1/2-1/2"]
[WhiteElo "2225"]
[BlackElo "2175"]

1.e4 e6 2.d4 d5 3.Nd2 Nc6 4.Ngf3 Nf6 5.e5 Nd7 6.Bb5 Be7 7.O-O a6 8.Bxc6 bxc6
9.Re1 O-O 10.Nf1 c5 11.Ng3 Bb7 12.dxc5 Nxc5 13.Nd4 Ne4 14.Qg4 Nxg3 15.hxg3 Kh8
16.Nf3 c5 17.Bf4 Qb6 18.Qh5 Kg8 19.Ng5 h6 20.Nf3 d4 21.b3 Qc6 22.Rad1 Rfd8
23.g4 c4 24.Qh3 d3 25.cxd3 Rxd3 26.g5 hxg5 27.Rxd3 cxd3 28.Nxg5 Bxg5 29.Bxg5 Qc3
30.Qe3 Qb4 31.Rc1 Qe4 32.Qxe4 Bxe4 33.f3  1/2-1/2

[Event "Tanta op"]
[Site "Tanta"]
[Date "1997.??.??"]
[Round "7"]
[White "Abo Nar, Mohamed"]
[Black "Soderberg, Per"]
[Result "0-1"]
[WhiteElo "2095"]
[BlackElo "2255"]

1.e4 e6 2.d4 d5 3.Nd2 a6 4.c3 c5 5.e5 Nc6 6.Ne2 Qb6 7.Qb3 Qa7 8.Nf3 cxd4
9.Nexd4 Bc5 10.Be3 Nge7 11.Bd3 b5 12.Bxb5 axb5 13.Nxb5 Na5 14.Nxa7 Nxb3 15.axb3 Bxe3
16.fxe3 Nc6 17.Kd2 Rxa7 18.Rxa7 Nxa7 19.Nd4 Kd7 20.c4 Bb7 21.c5 Nc6 22.Ra1 Ra8
23.Rxa8 Bxa8 24.Nf3 h6 25.Kc3 Bb7 26.b4 Ba6 27.Kb3 Bb5 28.Ka3 f6 29.exf6 gxf6
30.Kb3 e5 31.Nd2 Ne7 32.Kc3 Nf5 33.e4 d4+ 34.Kb3 Ne3 35.g3 Kc6 36.Nf3 Bd3
37.Ka4 Bxe4 38.Nd2 Bd3 39.b3 e4 40.Ka5 f5 41.h3 h5 42.h4 Nc2 43.Nc4 Bxc4
44.bxc4 Nxb4 45.Kxb4 e3  0-1

[Event "Tanta op"]
[Site "Tanta"]
[Date "1997.??.??"]
[Round "9"]
[White "El Arousy, Abdul Hameed"]
[Black "Georg, Magdy"]
[Result "1/2-1/2"]
[WhiteElo "2335"]
[BlackElo "2345"]

1.e4 e6 2.d4 d5 3.Nd2 Nc6 4.Ngf3 Nf6 5.e5 Nd7 6.Nb3 b6 7.Bb5 Bb7 8.c3 Be7
9.O-O a5 10.Bf4 Na7 11.Bd3 c5 12.Nc1 c4 13.Bc2 b5 14.g3 Nc6 15.h4 h6 16.h5 Nb6
17.Ne1 Qd7 18.Ng2 O-O-O 19.Bd2 Rdg8 20.Ne2 f5 21.Nef4 Re8 22.Ng6 Rhg8 23.g4 fxg4
24.Qxg4 Kb8 25.f4 Bc8 26.Ne3 Qb7 27.Bd1 Bd8 28.b3 Ne7 29.bxc4 dxc4 30.Bf3 Qd7
31.Rab1 Ka7 32.Qg2 b4 33.Kh2 Nxg6 34.hxg6 Rgf8 35.Be4 Qe7 36.Kg1 Ba6 37.f5 Na4
38.f6 gxf6 39.g7 Rg8 40.exf6 Qc7 41.Ng4 Bxf6 42.Rxf6 Rxg7 43.Bxh6 Rgg8 44.Bd2 Rg7
45.Bh6 Rgg8 46.cxb4 Nc3 47.b5 Nxb1 48.Bxb1 Bb7 49.d5 Bxd5 50.Be3+ Ka8 51.Be4 Qb7
52.Bxd5 Qxd5 53.Rf4 Rd8 54.Qxd5+ exd5  1/2-1/2

[Event "Nordic Grand Prix"]
[Site "Torshavn"]
[Date "1997.??.??"]
[Round "3"]
[White "Nolsoe, Eydun"]
[Black "Sloth, Jorn"]
[Result "1/2-1/2"]
[WhiteElo "2200"]
[BlackElo "2370"]

1.e4 e6 2.d4 d5 3.Nd2 a6 4.Ngf3 c5 5.exd5 exd5 6.Be2 c4 7.O-O Bd6 8.Re1 Ne7
9.c3 Nbc6 10.b3 b5 11.a4 Bf5 12.Nh4 Be6 13.Bg4 Bxg4 14.Qxg4 O-O 15.axb5 axb5
16.Rxa8 Qxa8 17.bxc4 bxc4 18.Nf1 Qc8 19.Qf3 Qd7 20.Ng3 Bxg3 21.fxg3 Ng6 22.Nf5 Re8
23.Rf1 Re4 24.h4 Qe6 25.Kh2 Nce7 26.Nxe7+ Nxe7 27.Bf4 Nf5 28.Rb1 h6 29.Rb8+ Kh7
30.Rb7 Ne3 31.Bxe3 Rxe3 32.Qxf7 Qxf7 33.Rxf7 Rxc3 34.Rd7 Rd3 35.Rxd5 Kg6
36.Rd7 Kf6 37.Rc7 c3 38.Kh3 h5 39.Rc5 g6 40.Kh2 Ke6 41.Kh3 Kd7 42.Kh2 Kd6
43.Kh3 Rd1 44.Kh2 Rd3 45.Kh3  1/2-1/2

[Event "JUG Cup (Women)"]
[Site "Ulcinj"]
[Date "1997.??.??"]
[Round "?"]
[White "Bojkovic, Natasa"]
[Black "Matveeva, Svetlana"]
[Result "1/2-1/2"]
[WhiteElo "2405"]
[BlackElo "2475"]

1.e4 e6 2.d4 d5 3.Nd2 Be7 4.Bd3 c5 5.dxc5 Nf6 6.Qe2 dxe4 7.Nxe4 Nxe4 8.Bxe4 O-O
9.Nf3 Na6 10.Be3 Nxc5 11.Bxc5 Bxc5 12.O-O f6 13.Rad1 Qe7 14.Rfe1 e5 15.Bd5+ Be6
16.Qc4 Bf7 17.Bxf7+ Rxf7 18.Rd5 Rc8 19.Qb3 g6 20.Nd2 Kg7 21.Ne4 Rc7 22.Red1 f5
23.Nc3 Qe6 24.Na4 Be7 25.Qe3 e4 26.Nc3 a6 27.h3 Bf6 28.Rd6 Qe5 29.Qb6 Qc5
30.Nd5 Qxb6 31.Rxb6 Rcd7 32.c3 Rf8 33.Kf1 Bg5 34.Ke2 Rfd8 35.c4 Be7 36.b4 Kf7
37.a3 a5 38.g3 axb4 39.axb4 Ra8 40.Rd2 Ra3 41.Nxe7 Rxe7 42.c5 f4 43.gxf4 Rxh3  1/2-1/2

[Event "Villalba op"]
[Site "Villalba"]
[Date "1997.??.??"]
[Round "3"]
[White "Kolev, Atanas"]
[Black "Aranda Marin, Cristian"]
[Result "1-0"]
[WhiteElo "2530"]
[BlackElo "2200"]

1.e4 e6 2.d4 d5 3.Nd2 Nc6 4.Ngf3 Nf6 5.e5 Nd7 6.Bd3 Nb4 7.Be2 c5 8.c3 Nc6
9.Bd3 cxd4 10.cxd4 f6 11.exf6 Nxf6 12.O-O Bd6 13.Nb3 O-O 14.Bg5 e5 15.Nxe5 Nxe5
16.dxe5 Bxe5 17.Re1 Bc7 18.Bh4 Bb6 19.Rc1 Bg4 20.Be2 Qd7 21.Nc5 Bxc5 22.Rxc5 Bxe2
23.Rxe2 b6 24.Rc3 Rae8 25.Rxe8 Rxe8 26.h3 Re6 27.Rd3 Qe7 28.Kf1 Qc5 29.Bxf6 Rxf6
30.Qd2 h6 31.b4 Qc4 32.Kg1 Rd6 33.Rc3 Qe4 34.Re3 Qf5  1-0

[Event "CHI-ch+"]
[Site "Vina del Mar"]
[Date "1997.??.??"]
[Round "3"]
[White "Salazar, Hernan"]
[Black "Rojas, Luis"]
[Result "1/2-1/2"]
[WhiteElo "2365"]
[BlackElo "2385"]

1.e4 e6 2.d4 d5 3.Nd2 Nc6 4.c3 e5 5.dxe5 dxe4 6.Nxe4 Qxd1+ 7.Kxd1 Nxe5 8.Bf4 f6
9.Bxe5 fxe5 10.Nf3 Nf6 11.Nfd2 Be6 12.Bd3 O-O-O 13.Kc2 Bd6 14.Rhe1 Rhf8 15.Ng5 Bd7
16.f3 h6 17.Nge4 Nd5 18.g3 Bc6 19.Re2 Nf6 20.Rf1 Rde8 21.Nc4 Rd8 22.Ncd2 Kb8
23.b3 a6 24.a4 Rd7 25.Rfe1 Nd5 26.Nf2 Nf6 27.Be4 Nxe4 28.Nfxe4 b6 29.Re3 Kb7
30.Rd3 Be7 31.Rxd7 Bxd7 32.Nc4 Bf6 33.g4 Bc6 34.Re3 Bd5 35.Ncd2 Bh4 36.Kd1 a5
37.Ke2 Be7 38.Rd3 Bc6 39.Ke3 Rf4 40.h3 Bh4 41.Ke2 Be7 42.Ng3 g6 43.Nde4 h5
44.Re3 h4 45.Nf1 b5 46.axb5 Bxb5+ 47.Kf2  1/2-1/2

[Event "CHI-ch"]
[Site "Vina del Mar"]
[Date "1997.??.??"]
[Round "12"]
[White "Correa, Jaime"]
[Black "Rojas, Luis"]
[Result "1/2-1/2"]
[WhiteElo "2250"]
[BlackElo "2385"]

1.e4 e6 2.d4 d5 3.Nd2 Nc6 4.Ngf3 Nf6 5.e5 Nd7 6.c3 f6 7.exf6 Qxf6 8.Bb5 Bd6
9.Nf1 e5 10.dxe5 Ndxe5 11.Nxe5 Qxe5+ 12.Qe2 O-O 13.Bxc6 Qxe2+ 14.Kxe2 bxc6
15.Be3 c5 16.Rd1 Ba6+ 17.Kd2 Rae8 18.Ng3 g6 19.Rhe1 d4 20.cxd4 cxd4 21.Bxd4 Bb4+
22.Bc3 Rxf2+ 23.Kc1 Rxe1 24.Bxe1 Bxe1 25.Rxe1 Kf7 26.Rd1 Bb5 27.Rd5 Bc6 28.Rc5 Rf6
29.Ne2 Bxg2 30.Rxc7+ Kg8 31.Rxa7 Rf1+ 32.Kd2 Rh1 33.Nf4 Rxh2 34.Nxg2 Rxg2+
35.Kc3 Rg3+ 36.Kc4 Rg4+ 37.Kc3 Rg3+  1/2-1/2

[Event "Zagorovsky mem op"]
[Site "Voronezh"]
[Date "1997.??.??"]
[Round "?"]
[White "Belikov, Vladimir"]
[Black "Sergienko, Sergey"]
[Result "1-0"]
[WhiteElo "2500"]
[BlackElo "2425"]

1.e4 e6 2.d4 d5 3.Nd2 Nc6 4.Ngf3 Nf6 5.e5 Nd7 6.Bb5 a6 7.Ba4 f6 8.c4 dxc4
9.Bxc6 bxc6 10.Nxc4 Nb6 11.b3 Qd5 12.O-O Be7 13.Qc2 O-O 14.exf6 gxf6 15.Bf4 Bd8
16.Rfe1 Bd7 17.Re3 Qh5 18.Nxb6 cxb6 19.Nd2 Rf7 20.Rg3+ Rg7 21.Rxg7+ Kxg7
22.Re1 Qg6 23.Ne4 Be7 24.Bc7 b5 25.Re3 Kh8 26.Rg3 Qf5 27.Bd6 Bd8 28.h3 c5
29.Qd2 Ba5 30.Qh6  1-0

[Event "Vsetin op"]
[Site "Vsetin"]
[Date "1997.??.??"]
[Round "?"]
[White "Sosna, Jan"]
[Black "Juricek, Stanislav"]
[Result "1-0"]
[WhiteElo "2370"]
[BlackElo "2140"]

1.e4 e6 2.d4 d5 3.Nd2 Nc6 4.Ngf3 g6 5.Bb5 Bd7 6.O-O Bg7 7.exd5 exd5 8.Nb3 Nge7
9.Nc5 Bc8 10.Bxc6+ Nxc6 11.Re1+ Ne7 12.Qe2 b6 13.Nd3 f6 14.Nf4 c6 15.b3 Qd6
16.a4 Kf7 17.Ba3 c5 18.dxc5 bxc5 19.Nd3 Ba6 20.Bxc5 Bxd3 21.Qxe7+  1-0

[Event "Atlantic op"]
[Site "Washington DC"]
[Date "1997.??.??"]
[Round "4"]
[White "French, George"]
[Black "Formanek, Edward W"]
[Result "1-0"]
[WhiteElo "2185"]
[BlackElo "2295"]

1.e4 e6 2.d4 d5 3.Nd2 Nc6 4.Ngf3 Nf6 5.e5 Nd7 6.Bb5 a6 7.Bxc6 bxc6 8.c4 dxc4
9.Nxc4 Nb6 10.Nxb6 cxb6 11.O-O Be7 12.Qa4 Bb7 13.d5 Qxd5 14.Qg4 g6 15.Bh6 Bc8
16.Qf4 Rg8 17.Ng5 Bxg5 18.Bxg5 Qd7 19.Qf6 a5 20.Rfe1 Ba6 21.Rad1  1-0

[Event "Zagreb"]
[Site "Zagreb"]
[Date "1997.??.??"]
[Round "2"]
[White "Krstic, Uros"]
[Black "Bukal, Vladimir Jr"]
[Result "1-0"]
[WhiteElo "2270"]
[BlackElo "2350"]

1.e4 e6 2.d4 d5 3.Nd2 a6 4.Ngf3 c5 5.dxc5 Bxc5 6.Nb3 Ba7 7.exd5 exd5 8.Qe2+ Qe7
9.Bg5 f6 10.Bf4 Nc6 11.O-O-O Qxe2 12.Bxe2 Nge7 13.Nfd4 Kf7 14.c4 Nxd4 15.Nxd4 Bxd4
16.Rxd4 Be6 17.cxd5 Bxd5 18.Kb1 b5 19.f3 Rhc8 20.Rhd1 Be6 21.g4 Nc6 22.Rd6 Nb4
23.a3 Nc6 24.Bd3 Ne5 25.Bxe5 fxe5 26.Bxh7 Rh8 27.Be4 Ra7 28.R1d2 Ke7 29.Rb6 Rh6
30.Ka1 Rc7 31.b4 Rc1+ 32.Kb2 Rh1 33.Rxa6 R1xh2 34.Rd6 Bc4 35.Rd7+ Ke8 36.Kc3 Rxd2
37.Rxd2 Ra6 38.Kb2 Rh6 39.Bd3 Rf6 40.Bxc4 bxc4 41.Rc2 Rxf3 42.Rxc4 Rf4 43.Kb3 e4
44.b5 Kd7 45.b6 Rf1 46.Kc2 Rf2+ 47.Kd1 Rb2 48.Rb4  1-0

[Event "Zagreb op"]
[Site "Zagreb"]
[Date "1997.??.??"]
[Round "5"]
[White "Rogic, Davor"]
[Black "Pandurevic, Miro"]
[Result "1-0"]
[WhiteElo "2455"]
[BlackElo "2220"]

1.e4 e6 2.d4 d5 3.Nd2 Nc6 4.Ngf3 Nf6 5.e5 Nd7 6.Be2 f6 7.exf6 Qxf6 8.Nf1 Bd6
9.Ne3 O-O 10.O-O Ne7 11.Bd3 Nf5 12.Bxf5 exf5 13.Nxd5 Qf7 14.Nf4 Nf6 15.Ng5 Qc4
16.Qd3 b5 17.b3 Qc6 18.d5 Qd7 19.Nfe6 Re8 20.Bb2 h6 21.Bxf6 gxf6 22.Nf3 Qh7
23.Qxb5 Bd7 24.Qd3 f4 25.Qxh7+ Kxh7 26.Rfe1 a5 27.Ned4 Bb4 28.Rxe8 Rxe8 29.c4 Bc3
30.Rc1 Bb2 31.Rb1 Bc3 32.h3 Re4 33.Rd1 a4 34.Ne6 Bxe6 35.dxe6 c5 36.Rd5 Bb4  1-0

[Event "Zagreb"]
[Site "Zagreb"]
[Date "1997.??.??"]
[Round "8"]
[White "Brumen, Dinko"]
[Black "Bukal, Vladimir Jr"]
[Result "0-1"]
[WhiteElo "2335"]
[BlackElo "2350"]

1.e4 e6 2.d4 d5 3.Nd2 a6 4.Ngf3 c5 5.exd5 exd5 6.Be2 c4 7.O-O Bd6 8.Re1 Ne7
9.Nf1 O-O 10.Bg5 Nbc6 11.c3 Qc7 12.Ne3 b5 13.Bf1 h6 14.Bxe7 Nxe7 15.g3 f5
16.Ne5 f4 17.Ng2 fxg3 18.hxg3 Bf5 19.Ne3 Be4 20.Bg2 Bxe5 21.dxe5 Rad8 22.Qh5 Bxg2
23.Nxg2 d4 24.cxd4 Rxd4 25.Rad1 Qb6 26.Ne3 b4 27.Qe2 c3 28.bxc3 bxc3 29.Rc1 Rd2
30.Qc4+ Kh8 31.Re2 Qa5 32.Rxd2 cxd2 33.Rd1 Qxe5 34.Rxd2 Nf5 35.Nf1 a5 36.Qe2 Qc5
37.Rc2 Qd5 38.Rd2 Nd4 39.Qd3 Nf3+ 40.Kh1 Qh5+ 41.Kg2 Ne1+  0-1

[Event "Zagreb"]
[Site "Zagreb"]
[Date "1997.??.??"]
[Round "9"]
[White "Krstic, Uros"]
[Black "Levacic, Patrick"]
[Result "1/2-1/2"]
[WhiteElo "2270"]
[BlackElo "2350"]

1.e4 e6 2.d4 d5 3.Nd2 Nc6 4.Ngf3 Nf6 5.e5 Nd7 6.Nb3 Be7 7.Bb5 Ncb8 8.h4 h6
9.c3 b6 10.Qe2 a5 11.a4 c6 12.Bd3 Ba6 13.Bxa6 Nxa6 14.h5 c5 15.Rh3 Qc8 16.Rg3 Bf8
17.Bf4 Nab8 18.c4 dxc4 19.Nbd2 Nc6 20.Nxc4 Qa6 21.Rc1 Nb4 22.Nfd2 Nd5 23.Be3 Nxe3
24.fxe3 Qb7 25.Rxg7 Qd5 26.e4 Qc6 27.Rg3 Be7 28.Rd3 Qxa4 29.d5 Rg8 30.Ra3 Qb4
31.Rb3 Qa4 32.Rxb6 exd5 33.b3 Qa2 34.Nd6+ Bxd6 35.Rxd6 Qb2 36.Rb1 Qd4 37.e6 fxe6
38.Rxe6+ Kf7 39.exd5 Qg1+ 40.Qf1+ Qxf1+ 41.Kxf1 Nf6 42.Rbe1 Nxh5 43.Re7+ Kg6
44.R1e6+ Kg5 45.Nf3+ Kg4 46.Kf2 Raf8 47.Rxh6 Nf6 48.Re5 Kf4 49.Rh4+ Ng4+
50.Kg1 Rb8 51.Re1 Rxb3 52.Rf1 Ke3 53.Ne5 Rb4 54.Nc6 Rf4 55.Rxf4 Kxf4 56.d6 a4
57.d7 a3 58.Rh3 Ne3 59.Rf3+ Ke4 60.Rf2 c4 61.d8=Q Rxd8 62.Nxd8 c3 63.Ra2 c2
64.Ra1 Kd4 65.Nc6+ Kc3 66.Rxa3+ Kb2 67.Rb3+ Kxb3 68.Nd4+ Kc4 69.Nxc2 Nxg2  1/2-1/2

[Event "Zillertal op"]
[Site "Zillertal"]
[Date "1997.??.??"]
[Round "4"]
[White "Sermek, Drazen"]
[Black "Hausner, Ivan"]
[Result "1-0"]
[WhiteElo "2575"]
[BlackElo "2410"]

1.e4 e6 2.d4 d5 3.Nd2 Be7 4.Bd3 c5 5.dxc5 Nf6 6.Qe2 Nc6 7.Ngf3 Bxc5 8.a3 O-O
9.O-O Be7 10.e5 Nd7 11.Nb3 a5 12.c3 a4 13.Nbd4 Nc5 14.Bc2 Na5 15.h4 Bxh4
16.g3 Be7 17.Kg2 f5 18.exf6 Bxf6 19.Rh1 g6 20.Bf4 Nc4 21.Rh6 e5 22.Nxe5 Bxe5
23.Bxg6 Rxf4 24.Bxh7+ Kf8 25.gxf4 Bg7 26.Rh5 Ra6 27.Re1 Rf6 28.f5 Bd7 29.Bg6 Ne4
30.Reh1 Rxg6+ 31.fxg6 Qf6 32.Qf3 Qxf3+ 33.Kxf3 Ne5+ 34.Ke3 Nf6 35.Rg5 Ne4
36.Rxe5 Bxe5 37.Rh5 Bxd4+ 38.Kxd4 Nf6 39.Rg5 Kg7 40.f4 Bc6 41.f5 Bb5 42.Rg3 Bd7
43.Ke5 Bc6 44.Rh3 Bd7 45.Kf4 b5 46.Re3 Ne4 47.Ke5 Nf6 48.Re1 Bc8 49.Rg1 Bd7
50.Rf1 Bc8 51.Kd6 Bd7 52.Kc7 Kh6 53.Rh1+ Kg5 54.g7 Bxf5 55.Rg1+ Kf4 56.g8=Q Nxg8
57.Rxg8 Ke3 58.Kc6 Bc2 59.Kxb5 Bb3 60.Rg4  1-0

[Event "Zagreb op"]
[Site "Zagreb"]
[Date "1998.01.11"]
[Round "9"]
[White "Krstic, Uros"]
[Black "Pandurevic, Miro"]
[Result "1-0"]
[WhiteElo "2265"]
[BlackElo "2200"]

1.e4 e6 2.d4 d5 3.Nd2 Nc6 4.Ngf3 Nf6 5.e5 Nd7 6.Nb3 f6 7.Bb5 Be7 8.exf6 Bxf6
9.O-O O-O 10.Bxc6 bxc6 11.Re1 a5 12.a4 c5 13.dxc5 Qe7 14.Nbd4 Nxc5 15.Nf5 Qd7
16.Ng3 Nxa4 17.Ne5 Bxe5 18.Rxe5 Nb6 19.b3 Qf7 20.Qe1 Nd7 21.Rxe6 Nf6 22.Re7 Qg6
23.Bb2 Qxc2 24.Bxf6 Rxf6 25.Nh5 Rf7 26.Rxf7 Kxf7 27.Qe5 Qxb3 28.Re1 Kg6 29.Nf4+  1-0

[Event "CZE-chT 9798"]
[Site "CZE"]
[Date "1998.01.17"]
[Round "5"]
[White "Zvara, Petr"]
[Black "Netusil, Miroslav"]
[Result "1-0"]
[WhiteElo "2365"]
[BlackElo "2285"]

1.e4 e6 2.d4 d5 3.Nd2 Be7 4.Ngf3 Nf6 5.Bd3 dxe4 6.Nxe4 Nxe4 7.Bxe4 c5 8.O-O cxd4
9.Nxd4 O-O 10.c3 f5 11.Bf3 Qb6 12.Re1 Bc5 13.Qb3 Bxd4 14.cxd4 Nc6 15.Qxb6 axb6
16.Bxc6 bxc6 17.Bf4 Kf7 18.a4 Rd8 19.Be5 Bb7 20.b4 Ra6 21.Ra3 Rd5 22.Rb1 Bc8
23.Rc1 Bd7 24.f4 g6 25.Kf2 Be8 26.Ke3 Rd8 27.Rca1 Rda8 28.a5 R8a7 29.Kd2 Rd7
30.Kc3 Rb7 31.g3 bxa5 32.bxa5 Rb5 33.Bd6 c5 34.dxc5 Bc6 35.Rb3 Raxa5 36.Rxa5 Rxa5
37.Rb6 Bd5 38.c6 Ra8 39.c7 Ke8 40.Rb8+  1-0

[Event "CRO-ch06"]
[Site "Pula"]
[Date "1998.01.19"]
[Round "10"]
[White "Rogic, Davor"]
[Black "Kovacevic, Vlatko"]
[Result "1-0"]
[WhiteElo "2445"]
[BlackElo "2520"]

1.e4 e6 2.d4 d5 3.Nd2 Nc6 4.Ngf3 Nf6 5.e5 Nd7 6.Be2 a6 7.Nf1 f6 8.exf6 Nxf6
9.Ne3 Bd6 10.O-O O-O 11.c4 b6 12.a3 Kh8 13.Qc2 e5 14.dxe5 Nxe5 15.Nxe5 Bxe5
16.cxd5 Nxd5 17.Qe4 Nf4 18.Bf3 Qg5 19.Nc4 Bg4 20.Qxe5 Qg6 21.Bxa8  1-0

[Event "Hoogovens-B"]
[Site "Wijk aan Zee"]
[Date "1998.01.20"]
[Round "1"]
[White "Van der Wiel, John TH"]
[Black "Blees, Albert"]
[Result "1-0"]
[WhiteElo "2525"]
[BlackElo "2445"]

1.e4 e6 2.d4 d5 3.Nd2 a6 4.Ngf3 c5 5.exd5 exd5 6.Be2 c4 7.Ne5 Bd6 8.b3 cxb3
9.axb3 Ne7 10.Ba3 Nbc6 11.Nxc6 Nxc6 12.c3 Bxa3 13.Rxa3 O-O 14.O-O Bf5 15.Re1 Rc8
16.Nf1 Qd6 17.Ra1 Be4 18.Ng3 Bg6 19.Qd2 Nd8 20.Bf3 f6 21.Ra5 b5 22.h4 Kh8
23.h5 Bf7 24.Nf5 Qd7 25.Ne3 Rc6 26.Rea1 Qd6 27.Nf5 Qd7 28.Ne3 Qd6 29.h6 g6
30.c4 f5 31.Nxd5 bxc4 32.bxc4 Ne6 33.c5 Qd8 34.Qe3  1-0

[Event "Ubeda op"]
[Site "Ubeda"]
[Date "1998.01.22"]
[Round "3"]
[White "Konguveel, Ponnuswamy"]
[Black "Guerrero Alvarez, Rafael"]
[Result "0-1"]
[WhiteElo "2430"]
[BlackElo "2245"]

1.e4 e6 2.d4 d5 3.Nd2 Nc6 4.Ngf3 Nf6 5.e5 Nd7 6.Bb5 a6 7.Bxc6 bxc6 8.Nb3 a5
9.a4 c5 10.Bg5 Be7 11.Bd2 cxd4 12.Nbxd4 Nb6 13.Nc6 Qd7 14.Nxe7 Qxe7 15.O-O c5
16.b3 O-O 17.Re1 Bb7 18.Ng5 f6 19.exf6 Rxf6 20.Qg4 e5 21.Qe2 h6 22.Nh3 Nd7
23.f3 Qf7 24.Bc3 Ba6 25.Qd1 d4 26.Bxa5 e4 27.fxe4 Ne5 28.Bd2 Bc8 29.Rf1 Bxh3
30.Rxf6 Qxf6 31.gxh3 Qg6+ 32.Kh1 Qxe4+ 33.Kg1 Rf8  0-1

[Event "Hoogovens-B"]
[Site "Wijk aan Zee"]
[Date "1998.01.26"]
[Round "6"]
[White "Kobalija, Mihail"]
[Black "Blees, Albert"]
[Result "1/2-1/2"]
[WhiteElo "2500"]
[BlackElo "2445"]

1.e4 e6 2.d4 d5 3.Nd2 a6 4.Ngf3 c5 5.exd5 exd5 6.Be2 c4 7.O-O Bd6 8.b3 cxb3
9.axb3 Nc6 10.Re1 Nge7 11.Nf1 O-O 12.Ne3 Bb4 13.Bd2 Nf5 14.Bd3 Nxe3 15.Rxe3 Bg4
16.c3 Bd6 17.Qc2 Bf4 18.Ree1 Bxd2 19.Nxd2 Rc8 20.Qb1 Kh8 21.Nf1 Qf6 22.Ne3 Be6
23.Be2 Ne7 24.Qd3 Ng6 25.g3 Rfd8 26.Ng4 Qe7 27.f4 Qd7 28.Ne3 Ne7 29.Bf3 g6
30.Re2 Ng8 31.g4 Nh6 32.g5 Nf5 33.Nxf5 Bxf5 34.Qd2 Bg4 35.Bxg4 Qxg4+ 36.Rg2 Qf5
37.Re1 Re8 38.Re5 Qb1+ 39.Kf2 Qxb3 40.Rg3 Kg8 41.Rge3 Rxe5 42.fxe5 Qb1 43.Rf3 Qe4
44.Kg3 b5 45.Rf4 Qh1 46.Rf3 Qg1+ 47.Kh4 Qb1 48.Rf4 b4 49.e6 fxe6 50.Qe2 Re8
51.Qe5 Qc2 52.Qf6 Qxh2+ 53.Kg4 h5+ 54.gxh6 Qg2+ 55.Kh4 g5+ 56.Qxg5+ Qxg5+
57.Kxg5 bxc3 58.Kg6 c2 59.Rf7 e5 60.Rg7+ Kh8  1/2-1/2

[Event "Anibal op 5th"]
[Site "Linares"]
[Date "1998.01.27"]
[Round "8"]
[White "Agnos, Demetrios"]
[Black "Lobach, Pavel V"]
[Result "1-0"]
[WhiteElo "2475"]
[BlackElo "2395"]

1.e4 e6 2.d4 d5 3.Nd2 a6 4.Ngf3 c5 5.dxc5 Bxc5 6.Bd3 Nc6 7.O-O Nge7 8.exd5 exd5
9.Nb3 Bb6 10.c3 O-O 11.Re1 Bf5 12.Bf1 Qc7 13.Be3 Rad8 14.Bxb6 Qxb6 15.Qd2 h6
16.Nfd4 Be4 17.Rad1 Nxd4 18.Nxd4 Nc8 19.f3 Bg6 20.Re5 Rfe8 21.Rde1 Rxe5 22.Rxe5 Qf6
23.Qe1 Be4 24.Qg3 Bb1 25.Re1 Bg6 26.Qc7 Nd6 27.a4 Nf5 28.Re5 Nxd4 29.cxd4 Rd6
30.a5 b6 31.h4 bxa5 32.h5 Bb1 33.Qxa5 Qf4 34.Qc5 Rc6 35.Qxd5 Rc1 36.Qd8+ Kh7
37.Re8 Rxf1+ 38.Kxf1 Bd3+ 39.Kf2 Qd2+ 40.Kg3  1-0

[Event "Masters 14th"]
[Site "Caldas de Felgueira"]
[Date "1998.02.15"]
[Round "9"]
[White "Damaso, Rui"]
[Black "Parcerias, Pedro"]
[Result "1/2-1/2"]
[WhiteElo "2440"]
[BlackElo "2255"]

1.e4 e6 2.d4 d5 3.Nd2 Nc6 4.c3 e5 5.exd5 Qxd5 6.Ngf3 exd4 7.Bc4 Qh5 8.O-O Be6
9.Qb3 O-O-O 10.Bxe6+ fxe6 11.Nc4 e5 12.cxd4 Nxd4 13.Nxd4 exd4 14.Bf4 Qd5
15.Rac1 c6 16.Qh3+ Qd7 17.Qb3 Qd5 18.Qh3+ Qd7 19.Qh5 Qd5 20.Qh3+  1/2-1/2

[Event "Budapest FS02 GM"]
[Site "Budapest"]
[Date "1998.02.17"]
[Round "11"]
[White "Czebe, Attila"]
[Black "Borocz, Istvan"]
[Result "1-0"]
[WhiteElo "2475"]
[BlackElo "2430"]

1.d4 e6 2.e4 d5 3.Nd2 Nc6 4.Ngf3 Nf6 5.e5 Nd7 6.c3 f6 7.exf6 Nxf6 8.Bd3 Bd6
9.O-O O-O 10.Re1 Ng4 11.Nf1 e5 12.dxe5 Bc5 13.Be3 Nxe3 14.Nxe3 Be6 15.Nd4 Bxd4
16.cxd4 Qh4 17.g3 Qxd4 18.f4 g6 19.Qe2 Qb6 20.Kg2 Nd4 21.Qd2 c5 22.Rad1 Qc6
23.h4 Nf5 24.Kh2 d4 25.Nc4 Qf3 26.Qg2 Qxg2+ 27.Kxg2 b5 28.Bxf5 gxf5 29.Nd6 Bxa2
30.e6 Rf6 31.e7 Rxd6 32.e8=Q+ Rxe8 33.Rxe8+ Kf7 34.Rc8 c4 35.Rc7+ Kg6 36.h5+ Kh6
37.Re1 d3 38.Ree7 Kxh5 39.Rxh7+ Kg6 40.Rcg7+ Kf6 41.Rxa7 Ke6 42.Rh6+ Kd5
43.Rxd6+ Kxd6 44.Rxa2 Kc5 45.Kf3 Kd4 46.Ra8  1-0